[Event "Ì15Â"]
[Site "Loo"]
[Date "2017.04.23"]
[Round "4.11"]
[White "Ïîñòíèêîâ, Ðîìàí."]
[Black "Ìèðçîÿí, Ëàâðåíòèé."]
[Result "1/2-1/2"]
[WhiteElo "2081"]
[BlackElo "1904"]
[PlyCount "99"]
[EventDate "2017.04.20"]

1. d4 d5 2. c4 c6 3. Nf3 Nf6 4. Nc3 e6 5. g3 dxc4 6. Bg2 Bb4 7. O-O Nbd7 8. Nd2
Nb6 9. e3 Nfd5 10. Qc2 Nxc3 11. bxc3 Be7 12. e4 O-O 13. Rd1 Qc7 14. Nf3 Bd7 15.
Bf4 Bd6 16. e5 Be7 17. Nd2 Qd8 18. a4 a5 19. h4 Nd5 20. h5 Be8 21. Nxc4 Nxf4
22. gxf4 f5 23. exf6 Rxf6 24. Be4 h6 25. Bh7+ Kh8 26. Bg6 Bxg6 27. hxg6 Rxf4
28. Ne5 Kg8 29. Qb3 Qc8 30. f3 Bd6 31. Nf7 Bc7 32. Kf2 Rf6 33. Rg1 b6 34. Rad1
Rb8 35. Qc4 b5 36. Qc5 b4 37. Qh5 bxc3 38. Nxh6+ gxh6 39. Qxh6 Qd7 40. Rh1 Qg7
41. Qxg7+ Kxg7 42. Rh7+ Kxg6 43. Rxc7 Rb4 44. Ke3 c2 45. Rg1+ Kh6 46. Rh1+ Kg6
47. Rg1+ Kh6 48. Rh1+ Kg6 49. Rg1+ Kh6 50. Rh1+ 1/2-1/2

[Event "Ì15Â"]
[Site "Loo"]
[Date "2017.04.23"]
[Round "4.12"]
[White "Æóðàâëåâ, Àëåêñàíäð."]
[Black "Âàñèëüåâ, Ãåîðãèé."]
[Result "0-1"]
[WhiteElo "1745"]
[BlackElo "2011"]
[PlyCount "96"]
[EventDate "2017.04.20"]

1. d4 Nf6 2. Nf3 g6 3. c4 Bg7 4. Nc3 O-O 5. g3 d6 6. Bg2 Nc6 7. O-O a6 8. e4
Bg4 9. h3 Bxf3 10. Bxf3 Nd7 11. Be3 e5 12. Ne2 exd4 13. Nxd4 Qf6 14. Nxc6 bxc6
15. Rb1 Ne5 16. Be2 Qe6 17. Bd4 Qxh3 18. Bxe5 Bxe5 19. Bg4 Qh6 20. Kg2 Qg7 21.
Qc2 Rab8 22. b3 Bd4 23. Qd3 c5 24. Bh3 Rbe8 25. Rbe1 Re7 26. f4 Bc3 27. Re3 Bb2
28. f5 Qd4 29. Rfe1 Qxd3 30. Rxd3 Rfe8 31. Kf3 Re5 32. Re2 Bd4 33. Rdd2 Kg7 34.
g4 Kf6 35. Kf4 h6 36. Bg2 c6 37. Bf3 d5 38. fxg6 fxg6 39. cxd5 cxd5 40. exd5
Be3+ 41. Rxe3 Rxe3 42. d6 g5+ 43. Kg3 Rd8 44. Rh2 Ke5 45. Rxh6 Rf8 46. d7
Rexf3+ 47. Kg2 R3f7 48. Kg1 Rxd7 0-1

[Event "Ì15Â"]
[Site "Loo"]
[Date "2017.04.23"]
[Round "4.13"]
[White "Ïåðîâ, Ãåðìàí."]
[Black "Ðîëüãåéçåð, Ãåíðèõ."]
[Result "1-0"]
[WhiteElo "1944"]
[BlackElo "1989"]
[PlyCount "159"]
[EventDate "2017.04.20"]

1. e4 e5 2. Nf3 Nc6 3. Nc3 Nf6 4. Be2 Be7 5. d4 exd4 6. Nxd4 O-O 7. Nxc6 dxc6
8. Bf4 Bb4 9. f3 Qe7 10. O-O Be6 11. Qe1 Rfd8 12. Qf2 Nh5 13. Be3 f5 14. f4 Nf6
15. e5 Nd5 16. Nxd5 cxd5 17. c3 Ba5 18. Bc5 Qxc5 19. Qxc5 Bb6 20. Qd4 Bxd4+ 21.
cxd4 Kf7 22. Rac1 Rac8 23. Kf2 Ke7 24. Ke3 h6 25. Rc3 c6 26. b4 a6 27. a4 g5
28. g3 Bd7 29. Bd3 Be6 30. Rc2 g4 31. Rb1 Bd7 32. Rh1 b5 33. a5 h5 34. h3 Rh8
35. Rch2 Rcg8 36. hxg4 Rxg4 37. Kf2 h4 38. Rxh4 Rgxh4 39. Rxh4 Rxh4 40. gxh4
Kf7 41. h5 Kg7 42. h6+ Kxh6 43. Kg3 Be6 44. Kh4 Kg6 45. Be2 Bf7 46. Bh5+ Kg7
47. Bxf7 Kxf7 48. Kg5 Ke6 49. Kg6 c5 50. bxc5 b4 51. c6 b3 52. c7 Kd7 53. e6+
Kxc7 54. e7 b2 55. e8=Q b1=Q 56. Qe5+ Kc6 57. Qe6+ Kc7 58. Qxd5 Qe4 59. Qe5+
Kb7 60. Qg7+ Kb8 61. Qf8+ Kb7 62. Qf7+ Kb8 63. Qxf5 Qc6+ 64. Kg7 Qg2+ 65. Kf8
Qd2 66. Ke8 Kb7 67. Qd7+ Kb8 68. Qd8+ Kb7 69. Qb6+ Kc8 70. Qxa6+ Kc7 71. Qb6+
Kc8 72. Qc6+ Kb8 73. Qb6+ Kc8 74. f5 Qd1 75. Qc6+ Kb8 76. f6 Qe1+ 77. Kf8 Qh4
78. f7 Qh8+ 79. Ke7 Qe5+ 80. dxe5 1-0

[Event "Ì15Â"]
[Site "Loo"]
[Date "2017.04.23"]
[Round "4.14"]
[White "Êàâûåâ, Ðóñëàí."]
[Black "Öóõàåâ, Ìóñà."]
[Result "1-0"]
[WhiteElo "2242"]
[BlackElo "1710"]
[PlyCount "107"]
[EventDate "2017.04.20"]

1. e4 c5 2. Nf3 d6 3. d4 cxd4 4. Nxd4 Nf6 5. Nc3 g6 6. Be3 Bg7 7. f3 O-O 8. Qd2
Nc6 9. O-O-O d5 10. Kb1 Rb8 11. Ndb5 e6 12. Bc5 Re8 13. Nd6 Qa5 14. Nxe8 Nxe8
15. Nb5 Qd8 16. exd5 Qf6 17. Qc3 Qf5 18. Qb3 Na5 19. Qd3 Qf6 20. Bd4 e5 21. Bc3
b6 22. Nxa7 Bf5 23. Qd2 Nd6 24. Nc6 Re8 25. Bd3 Nac4 26. Bxc4 Nxc4 27. Qe2 b5
28. f4 Qd6 29. fxe5 Bxe5 30. Nxe5 Nxe5 31. Bxe5 Rxe5 32. Qxb5 Re4 33. Rhe1 Qe5
34. Rxe4 Qxe4 35. Qd3 Qxg2 36. Qd2 Qh3 37. d6 Bd7 38. a4 Qf5 39. a5 Qb5 40. Qc3
h5 41. Re1 Be6 42. b3 h4 43. Kb2 h3 44. Ra1 Qa6 45. Qd3 Qa7 46. a6 Bf5 47. Qc4
Kg7 48. Rd1 Kh7 49. Qc7 Qxa6 50. d7 Qf6+ 51. Kb1 Qe6 52. Qc4 Qxc4 53. bxc4 Bxd7
54. Rxd7 1-0

[Event "Ì15Â"]
[Site "Loo"]
[Date "2017.04.23"]
[Round "4.15"]
[White "Òðóá÷àíèíîâ, Àðòåì."]
[Black "Êàçüìèí, Ñåìåí."]
[Result "1-0"]
[WhiteElo "1917"]
[BlackElo "2167"]
[PlyCount "87"]
[EventDate "2017.04.20"]

1. c4 Nf6 2. Nc3 g6 3. d4 Bg7 4. e4 d6 5. Nf3 O-O 6. Be2 e5 7. d5 Nbd7 8. Be3
a5 9. Nd2 Nc5 10. b3 Ne8 11. a3 f5 12. f3 f4 13. Bf2 Qg5 14. Bf1 Qe7 15. b4
axb4 16. axb4 Rxa1 17. Qxa1 Na6 18. Qa3 c5 19. dxc6 bxc6 20. b5 cxb5 21. cxb5
Nac7 22. b6 Ne6 23. Nd5 Qd7 24. Qb3 Kh8 25. Bb5 Qb7 26. Nc4 Nd4 27. Bxd4 exd4
28. O-O Nf6 29. Nxd6 Qb8 30. Nxc8 Nxd5 31. Qxd5 Qxc8 32. b7 Qc7 33. Bd3 Rd8 34.
Qxd8+ Qxd8 35. Rc1 Bf8 36. Rc8 Qh4 37. Rxf8+ Kg7 38. b8=Q Qe1+ 39. Bf1 Qe3+ 40.
Kh1 Qf2 41. Rg8+ Kf7 42. Bc4+ Kf6 43. Qd8+ Ke5 44. Qe7# 1-0

[Event "Ì15Â"]
[Site "Loo"]
[Date "2017.04.23"]
[Round "4.16"]
[White "Øàéõàëèåâ, Äæîõàð."]
[Black "Âîëêîâ, Àíäðåé."]
[Result "1-0"]
[WhiteElo "1846"]
[BlackElo "2005"]
[PlyCount "59"]
[EventDate "2017.04.20"]

1. e4 d6 2. d4 Nf6 3. Nc3 e5 4. dxe5 dxe5 5. Qxd8+ Kxd8 6. Bg5 c6 7. Bc4 Ke8 8.
a3 Bd6 9. h3 Nbd7 10. Nge2 b5 11. Ba2 h6 12. Be3 a5 13. Ng3 g6 14. O-O Ke7 15.
Rad1 Ba6 16. Rfe1 b4 17. Nb1 Bb5 18. Bxf7 Kxf7 19. Rxd6 c5 20. f3 h5 21. h4
Rhc8 22. Nh1 Rab8 23. Nf2 c4 24. c3 Ke7 25. Rd2 b3 26. Bg5 Rb6 27. Rdd1 Nc5 28.
Nd2 Rd6 29. f4 exf4 30. e5 1-0

[Event "Ì15Â"]
[Site "Loo"]
[Date "2017.04.23"]
[Round "4.17"]
[White "Ìóòîâèí, Åãîð."]
[Black "Êóëàåâ, Ìàêñèì."]
[Result "1-0"]
[WhiteElo "1915"]
[BlackElo "1849"]
[PlyCount "111"]
[EventDate "2017.04.20"]

1. d4 e6 2. c4 b6 3. Nf3 Bb7 4. a3 Nf6 5. Nc3 c5 6. d5 exd5 7. cxd5 d6 8. e4
Be7 9. Bd3 Nbd7 10. h3 O-O 11. O-O Re8 12. Bf4 a6 13. a4 Bf8 14. Re1 Qc7 15.
Bf1 g6 16. Qc2 Bg7 17. a5 Nh5 18. axb6 Qxb6 19. Na4 Qc7 20. Bd2 Rac8 21. Rac1
Qd8 22. Qb3 Rb8 23. Qa3 Ne5 24. Nxe5 Bxe5 25. b4 cxb4 26. Bxb4 Qf6 27. Bd2 Bd4
28. Qf3 Qxf3 29. gxf3 Re7 30. Rc4 Be5 31. Rec1 Rbe8 32. Nb6 f6 33. Rc7 Bd4 34.
Nd7 Ba8 35. Bxa6 Rd8 36. Bb5 Kf7 37. Be3 Bxe3 38. fxe3 f5 39. Nb6 Rxc7 40.
Rxc7+ Kf6 41. Ra7 fxe4 42. f4 Ng3 43. Rxa8 Rxa8 44. Nxa8 Nf5 45. Kf2 Ne7 46.
Bc6 g5 47. Nb6 gxf4 48. exf4 h6 49. Ke3 Nf5+ 50. Kxe4 Ng3+ 51. Kf3 Nf5 52. Nc8
Nd4+ 53. Ke4 Nf5 54. Bd7 Ng3+ 55. Kf3 Nf1 56. Nxd6 1-0

[Event "Ì15Â"]
[Site "Loo"]
[Date "2017.04.23"]
[Round "4.18"]
[White "Ìóðòàçèí, Ðóñëàí."]
[Black "Êîðåíü, Âëàäèìèð."]
[Result "1-0"]
[WhiteElo "2344"]
[BlackElo "1947"]
[PlyCount "61"]
[EventDate "2017.04.20"]

1. d4 d5 2. c4 e6 3. Nc3 Nf6 4. cxd5 exd5 5. Bg5 Be7 6. e3 O-O 7. Bd3 h6 8. Bh4
b6 9. Nge2 Bb7 10. O-O c5 11. Rc1 Nc6 12. dxc5 bxc5 13. Bxf6 Bxf6 14. Nxd5 Ne5
15. Be4 Bxd5 16. Bxd5 Rb8 17. b3 Qa5 18. Ng3 Rfd8 19. f4 c4 20. e4 Nd3 21. Rxc4
Qb6+ 22. Kh1 Nf2+ 23. Rxf2 Qxf2 24. Nh5 Qxa2 25. h3 Be7 26. Rc7 Re8 27. Qd4 Bf8
28. Rxf7 Qb1+ 29. Kh2 Rxe4 30. Rxg7+ Kh8 31. Rg8+ 1-0

[Event "Ì15Â"]
[Site "Loo"]
[Date "2017.04.23"]
[Round "4.19"]
[White "Êàìàåâ, Äæàáðàèë."]
[Black "Öûáèêîâ, Òóìýí."]
[Result "0-1"]
[WhiteElo "1949"]
[BlackElo "2152"]
[PlyCount "106"]
[EventDate "2017.04.20"]

1. e4 c5 2. Nf3 d6 3. c3 Nf6 4. Bd3 Nc6 5. Bc2 e5 6. O-O g6 7. h3 Bg7 8. d4
cxd4 9. cxd4 exd4 10. Nxd4 O-O 11. Re1 d5 12. Nxc6 bxc6 13. exd5 Nxd5 14. Ba4
Qb6 15. Nd2 Ba6 16. Qb3 Qc7 17. a3 Rfe8 18. Rxe8+ Rxe8 19. Nf3 Be2 20. Bd2 Rb8
21. Bb4 a5 22. Bxa5 Qf4 23. Bb4 Nxb4 24. axb4 Rxb4 25. Qc2 Bxf3 26. gxf3 Be5
27. Qxc6 Rxb2 28. Kf1 Qh2 29. Bc2 Qh1+ 30. Ke2 Rxc2+ 31. Qxc2 Qxa1 32. Qc8+ Kg7
33. Qe8 Bd4 34. Qe4 Qb2+ 35. Kd3 Qxf2 36. Qxd4+ Qxd4+ 37. Kxd4 Kf6 38. Ke3 Kg5
39. Kf2 Kf4 40. Kg2 h5 41. h4 Ke3 42. Kg3 f5 43. Kg2 f4 44. Kh2 Kxf3 45. Kh3
Ke2 46. Kh2 f3 47. Kg3 Ke3 48. Kh2 f2 49. Kg3 f1=Q 50. Kh2 Qf3 51. Kg1 Qe2 52.
Kh1 Kf3 53. Kg1 Qg2# 0-1

[Event "Ì15Â"]
[Site "Loo"]
[Date "2017.04.23"]
[Round "4.20"]
[White "Ïîëÿíñêèé, Âëàäèñëàâ."]
[Black "Áðåñêàíó, Íèêèòà."]
[Result "1-0"]
[WhiteElo "1891"]
[BlackElo "2044"]
[PlyCount "67"]
[EventDate "2017.04.20"]

1. d4 e6 2. Nf3 f5 3. g3 Nf6 4. Bg2 d5 5. O-O Bd6 6. c4 c6 7. Nc3 O-O 8. Bf4
Bxf4 9. gxf4 Nbd7 10. Ne5 Ne4 11. Qd3 Nxe5 12. fxe5 Bd7 13. e3 Qh4 14. f3 Nxc3
15. bxc3 f4 16. e4 Rad8 17. Rae1 Qe7 18. Bh3 Kh8 19. exd5 cxd5 20. cxd5 exd5
21. Bxd7 Qxd7 22. e6 Qe7 23. Re5 Rf6 24. Rfe1 Rd6 25. c4 Rg6+ 26. Kh1 dxc4 27.
Qxc4 Rc6 28. Qe2 Rh6 29. d5 Rc8 30. Rd1 Qd6 31. e7 Re8 32. Qb5 Qg6 33. Qxe8+
Qxe8 34. d6 1-0

[Event "Ì15Â"]
[Site "Loo"]
[Date "2017.04.23"]
[Round "4.21"]
[White "Èñìàãèëîâ, Äàìèð."]
[Black "Ãàëèåâ, Èðåê."]
[Result "1/2-1/2"]
[WhiteElo "2039"]
[BlackElo "1866"]
[PlyCount "101"]
[EventDate "2017.04.20"]

1. e4 c5 2. Nf3 e6 3. g3 Nc6 4. Bg2 d5 5. exd5 exd5 6. d4 Nf6 7. O-O Be7 8.
dxc5 O-O 9. Nbd2 Bxc5 10. Nb3 Bb6 11. Bg5 Bg4 12. h3 Bf5 13. Nfd4 Be4 14. Bxe4
dxe4 15. Nxc6 bxc6 16. Qxd8 Raxd8 17. Rad1 h6 18. Bxf6 gxf6 19. Rxd8 Rxd8 20.
Re1 f5 21. g4 fxg4 22. hxg4 Re8 23. Kg2 Kg7 24. Nd2 e3 25. fxe3 Rxe3 26. Rxe3
Bxe3 27. Nc4 Bf4 28. Na5 c5 29. Nb7 Be3 30. Kf3 Bg1 31. Na5 Kf6 32. Nc6 a6 33.
Nb8 a5 34. a4 Bh2 35. Nd7+ Ke6 36. Nxc5+ Kd5 37. Nd3 Kd4 38. Nf2 Be5 39. Nd3
Bh2 40. b4 Bc7 41. bxa5 Bxa5 42. Nc1 Bb6 43. Nb3+ Kc3 44. a5 Bg1 45. Ke4 Kc4
46. Kf3 Kc3 47. a6 Kb4 48. Kf4 Kb5 49. Nd2 Kxa6 50. Kf5 Kb5 51. Kf6 {
äàëåå çàïèñü íåðàçáîð~~èâà} 1/2-1/2

[Event "Ì15Â"]
[Site "Loo"]
[Date "2017.04.23"]
[Round "4.22"]
[White "Òåð-Ñààêÿí, Ãðèãîðèé."]
[Black "Äóäèí, Ãëåá."]
[Result "0-1"]
[WhiteElo "1851"]
[BlackElo "2031"]
[PlyCount "102"]
[EventDate "2017.04.20"]

1. e4 e6 2. d4 d5 3. Nd2 c5 4. exd5 exd5 5. Ngf3 Nf6 6. Bb5+ Bd7 7. Bxd7+ Nbxd7
8. O-O Be7 9. dxc5 Nxc5 10. Nd4 Qd7 11. Qf3 O-O 12. N2b3 Nce4 13. c3 Rfe8 14.
Bf4 Qa4 15. Qd3 Rac8 16. f3 Nd6 17. Bxd6 Bxd6 18. Qb5 Qxb5 19. Nxb5 Bb8 20.
Rfe1 Nd7 21. Rad1 a6 22. Na3 Ne5 23. Nd4 Bd6 24. Nac2 Nc4 25. Rxe8+ Rxe8 26. b3
Nb6 27. Re1 Rc8 28. Re3 g6 29. g3 Nd7 30. Kf2 Kg7 31. Ne2 h5 32. h4 Nc5 33.
Ncd4 Kf6 34. Ke1 Ne6 35. Nxe6 fxe6 36. f4 Re8 37. Kf2 Bc5 38. Nd4 b5 39. b4 Bb6
40. Kf3 Re7 41. Re2 Bxd4 42. cxd4 Rc7 43. a3 Rc4 44. Re3 Rxd4 45. g4 hxg4+ 46.
Kxg4 Re4 47. Rd3 d4 48. Kg3 Kf5 49. Rf3 Re3 50. Kf2 Ke4 51. f5 Rxf3+ 0-1

[Event "Ì15Â"]
[Site "Loo"]
[Date "2017.04.23"]
[Round "4.23"]
[White "Ãàéäûì, Àðñåíèé."]
[Black "Æàðêîâ, Íèêîëàé."]
[Result "1/2-1/2"]
[WhiteElo "2017"]
[BlackElo "1861"]
[PlyCount "93"]
[EventDate "2017.04.20"]

1. e4 c5 2. Nc3 Nc6 3. g3 g6 4. Bg2 Bg7 5. d3 d6 6. Be3 Nf6 7. Nh3 Rb8 8. O-O
Nd4 9. Ne2 Nxe2+ 10. Qxe2 b5 11. e5 Ng4 12. Bc6+ Kf8 13. e6 Nxe3 14. fxe3 Bxe6
15. Ng5 Qc8 16. Qf3 Bf6 17. Nxe6+ Qxe6 18. Bd5 Qe5 19. c3 b4 20. d4 Qh5 21.
Qxh5 gxh5 22. Rf5 bxc3 23. bxc3 cxd4 24. cxd4 h4 25. gxh4 Rg8+ 26. Kh1 Rg4 27.
h5 Rb2 28. a4 h6 29. Raf1 Kg7 30. R5f2 Rxf2 31. Rxf2 Rg5 32. Rg2 e6 33. Bf3
Rxg2 34. Kxg2 d5 35. Bd1 Bd8 36. Kf3 Bb6 37. Bc2 Kf6 38. Kg4 Ba5 39. h4 Bd2 40.
Kf4 Be1 41. Bd1 Bxh4 42. Be2 Ke7 43. a5 f6 44. a6 Kd6 45. Bd3 Bg5+ 46. Kf3 e5
47. Bb5 1/2-1/2

[Event "Ì15Â"]
[Site "Loo"]
[Date "2017.04.23"]
[Round "4.24"]
[White "Çåìíèöêèé, Àëåêñàíäð."]
[Black "Ñò¸ïî÷êèí, Ô¸äîð."]
[Result "1-0"]
[WhiteElo "2010"]
[BlackElo "1793"]
[PlyCount "89"]
[EventDate "2017.04.20"]

1. d4 e6 2. Nf3 Nf6 3. Bg5 h6 4. Bh4 Be7 5. e3 b6 6. Bd3 Bb7 7. O-O O-O 8. Nbd2
d5 9. c3 Ne4 10. Bxe7 Qxe7 11. Qc2 f5 12. Ne5 Rf6 13. c4 Nxd2 14. Qxd2 Nd7 15.
Qc2 Nxe5 16. dxe5 Rf7 17. cxd5 Bxd5 18. e4 fxe4 19. Bxe4 c5 20. f4 Qb7 21. Bg6
Rff8 22. Rae1 Rad8 23. a3 Rd7 24. f5 exf5 25. e6 Re7 26. Rxf5 Rxf5 27. Qxf5 Bc6
28. Bf7+ Kh8 29. Re3 Be8 30. Qg6 Rxf7 31. exf7 Bxf7 32. Qf5 Kg8 33. Rd3 Qe7 34.
h3 Be8 35. Kh2 Bb5 36. Rg3 Bd7 37. Qf4 Kh7 38. Re3 Qd8 39. Qd6 Qc8 40. Re7 Ba4
41. Qe5 Qf8 42. Qe4+ Kh8 43. Qe5 Bc6 44. Re6 Bb7 45. Re8 1-0

[Event "Ì15Â"]
[Site "Loo"]
[Date "2017.04.23"]
[Round "4.25"]
[White "Ùóêèí, Ìàêñèì."]
[Black "Ðîìàäîâ, Äìèòðèé."]
[Result "1-0"]
[WhiteElo "1990"]
[BlackElo "1774"]
[PlyCount "73"]
[EventDate "2017.04.20"]

1. e4 c5 2. Nf3 d6 3. d4 cxd4 4. Nxd4 Nf6 5. Nc3 a6 6. f3 e5 7. Nb3 Be6 8. Be3
Be7 9. Qd2 O-O 10. O-O-O Nbd7 11. g4 b5 12. g5 b4 13. Nd5 Nxd5 14. exd5 Bf5 15.
Qxb4 Bxg5 16. Bxg5 Qxg5+ 17. Kb1 Qf6 18. Bd3 Bxd3 19. Rxd3 Rfb8 20. Qg4 e4 21.
Re3 Ne5 22. Qxe4 a5 23. c3 a4 24. Nd2 Qd8 25. Qd4 Qd7 26. Rhe1 Qb7 27. c4 a3
28. b3 Ng6 29. Ne4 Qb4 30. Qc3 Qb6 31. Ng3 f6 32. Nf5 Rb7 33. Qd4 Qb4 34. Re6
Rd7 35. h4 Nf8 36. R6e3 Raa7 37. Ne7+ 1-0

[Event "Ì15Â"]
[Site "Loo"]
[Date "2017.04.23"]
[Round "4.26"]
[White "×åæèí, Ïàâåë."]
[Black "Ôîìèí, Ïàâåë."]
[Result "1/2-1/2"]
[WhiteElo "1688"]
[BlackElo "1892"]
[PlyCount "85"]
[EventDate "2017.04.20"]

1. d4 Nf6 2. Nf3 c5 3. d5 e6 4. Nc3 exd5 5. Nxd5 Nxd5 6. Qxd5 Nc6 7. e4 d6 8.
Bf4 Qa5+ 9. Qd2 Qxd2+ 10. Nxd2 Be6 11. Nc4 O-O-O 12. O-O-O Kc7 13. c3 h6 14.
Be2 g5 15. Bg3 b5 16. Ne3 a6 17. Nd5+ Bxd5 18. Rxd5 Ne7 19. Rd2 f5 20. f3 f4
21. Bf2 Bg7 22. Rhd1 Kc6 23. Bd3 Be5 24. Bc2 a5 25. Bb3 a4 26. Bd5+ Kb6 27. Kc2
Rd7 28. Be6 Rc7 29. h4 Ka5 30. h5 Rb8 31. Kb1 a3 32. b3 Nc6 33. Kc2 b4 34. c4
Bd4 35. Kb1 Bxf2 36. Rxf2 Nd4 37. Bg4 Re7 38. Rfd2 Kb6 39. Rc1 Kc6 40. Rcd1 Re5
41. Rc1 Ra8 42. Rcd1 Rb8 43. Rc1 1/2-1/2

[Event "Ì15Â"]
[Site "Loo"]
[Date "2017.04.23"]
[Round "4.27"]
[White "Õàëèêîâ, Áóëàò."]
[Black "Øèðèíêèí, Ïàâåë."]
[Result "1-0"]
[WhiteElo "1895"]
[BlackElo "1751"]
[PlyCount "91"]
[EventDate "2017.04.20"]

1. e4 c5 2. Nc3 e6 3. g3 a6 4. a4 d5 5. exd5 exd5 6. Bg2 Nf6 7. d3 Be7 8. Bg5
Be6 9. Nge2 Nc6 10. O-O O-O 11. Nf4 Bg4 12. Qd2 d4 13. Bxf6 Bxf6 14. Ne4 Be7
15. Rae1 c4 16. dxc4 Ne5 17. Nd5 Nxc4 18. Qxd4 Be6 19. Nxe7+ Qxe7 20. Nc5 Rad8
21. Rxe6 fxe6 22. Qxc4 Rc8 23. Qxe6+ Qxe6 24. Nxe6 Rfe8 25. Bxb7 Rxc2 26. Bd5
Kh8 27. b4 Rd2 28. Bc4 Rc2 29. Bd3 Rb2 30. Nc7 Rd8 31. Bxa6 Rxb4 32. Bb5 h5 33.
Ne6 Rd6 34. Ng5 Rd5 35. h4 g6 36. Re1 Kg7 37. Ne6+ Kf6 38. Nf4 Rd6 39. Re6+
Rxe6 40. Nd5+ Ke5 41. Nxb4 Kd4 42. Nd3 Kc3 43. Nf4 Rd6 44. Bd3 Kb4 45. Bxg6
Kxa4 46. Bxh5 1-0

[Event "Ì15Â"]
[Site "Loo"]
[Date "2017.04.23"]
[Round "4.28"]
[White "Ðàäî÷èí, Îëåã."]
[Black "Áàáóíîâ, Àëåêñàíäð."]
[Result "1/2-1/2"]
[WhiteElo "1825"]
[BlackElo "1865"]
[PlyCount "81"]
[EventDate "2017.04.20"]

1. e4 c5 2. Nf3 e6 3. d4 cxd4 4. Nxd4 Nf6 5. Nc3 d6 6. Be2 Nc6 7. Be3 Be7 8.
O-O O-O 9. f4 Qc7 10. Qe1 Nxd4 11. Bxd4 e5 12. Be3 exf4 13. Rxf4 Be6 14. Rf1 a6
15. Qg3 Kh8 16. Bd4 Rg8 17. Kh1 Nd7 18. Nd5 Bxd5 19. exd5 f6 20. Bd3 Ne5 21.
Bxe5 dxe5 22. Rf3 g6 23. Qf2 f5 24. Rh3 Qd6 25. c4 e4 26. Bf1 Rac8 27. b3 Qe5
28. Rd1 g5 29. Qd4 Qxd4 30. Rxd4 Bd6 31. Rh6 Rg6 32. Rxg6 hxg6 33. Be2 Kg7 34.
g3 Kf6 35. Rd1 f4 36. gxf4 gxf4 37. Bg4 Rd8 38. Re1 Re8 39. Be6 e3 40. Kg2 Rh8
41. h3 1/2-1/2

[Event "Ì15Â"]
[Site "Loo"]
[Date "2017.04.23"]
[Round "4.29"]
[White "Êðþêîâ, Àëåêñåé."]
[Black "Ëóïïà, Êèðèëë."]
[Result "1/2-1/2"]
[WhiteElo "1799"]
[BlackElo "1780"]
[PlyCount "99"]
[EventDate "2017.04.20"]

1. d4 Nf6 2. Nf3 g6 3. c4 Bg7 4. Nc3 d5 5. Bf4 c6 6. e3 O-O 7. Qb3 e6 8. c5
Nbd7 9. Bd3 h6 10. h4 h5 11. Qc2 Ng4 12. Bg5 Qe8 13. Nh2 Nxh2 14. Rxh2 e5 15.
O-O-O exd4 16. exd4 Bxd4 17. g4 Bg7 18. gxh5 Ne5 19. hxg6 Nxd3+ 20. Qxd3 fxg6
21. h5 Bf5 22. Qg3 d4 23. Nb1 Qe4 24. Na3 Qe5 25. Qxe5 Bxe5 26. f4 Bf6 27. Bxf6
Rxf6 28. Rxd4 gxh5 29. Rxh5 Re8 30. Kd2 Be6 31. Rg5+ Kf7 32. Nc4 Bxc4 33. Rxc4
Rh6 34. Rg2 Rh3 35. Rd4 Re7 36. Rd3 Rh5 37. b4 Rf5 38. Rf2 a5 39. a3 a4 40. Kc3
Kf6 41. Rff3 Kf7 42. Kc4 Kg6 43. Rd4 Kh5 44. b5 Kg4 45. Rc3 Rxf4 46. Rxf4+ Kxf4
47. Kb4 Re4+ 48. Rc4 Rxc4+ 49. Kxc4 Ke4 50. bxc6 1/2-1/2

[Event "Ä11Ï"]
[Site "Loo"]
[Date "2017.04.24"]
[Round "5.1"]
[White "Óçèíöåâà, Äàðüÿ."]
[Black "Øåâöîâà, Äàðüÿ."]
[Result "1/2-1/2"]
[WhiteElo "1291"]
[BlackElo "1445"]
[PlyCount "120"]
[EventDate "2017.04.20"]

1. d4 Nf6 2. c4 g6 3. Nc3 Bg7 4. e4 d6 5. Nf3 O-O 6. Be2 e5 7. O-O Re8 8. dxe5
dxe5 9. Bg5 Nbd7 10. b4 c6 11. a4 a5 12. b5 Qc7 13. Rc1 Nc5 14. Qc2 Ne6 15. Be3
Ng4 16. Bd2 Nd4 17. Nxd4 exd4 18. Bxg4 dxc3 19. Bxc3 Bxg4 20. Bxg7 Kxg7 21. f3
Be6 22. Qc3+ Kg8 23. Qe3 Rad8 24. Qa7 Qb8 25. Qxa5 c5 26. b6 Qe5 27. Qb5 Bd7
28. Qb3 Ra8 29. Ra1 Ra6 30. Ra2 Be6 31. Rc1 Ra5 32. Kh1 Rea8 33. Kg1 Bd7 34.
Rca1 Qe8 35. Qd1 Rxa4 36. Rxa4 Rxa4 37. Rxa4 Bxa4 38. Qd5 Qc6 39. Qd8+ Kg7 40.
Kf2 Qd7 41. Qb8 Bc6 42. Qe5+ f6 43. Qxc5 Qd2+ 44. Kg3 Qg5+ 45. Qxg5 fxg5 46.
Kf2 Kf6 47. Ke3 Ke5 48. g3 h5 49. h3 h4 50. gxh4 gxh4 51. f4+ Ke6 52. c5 Kf6
53. Kf3 Bd7 54. Kg2 g5 55. f5 Bc6 56. Kf3 Ke5 57. Kg4 Bxe4 58. Kxg5 Bxf5 59. c6
Bc8 60. cxb7 Bxb7 1/2-1/2

[Event "Ä11Ï"]
[Site "Loo"]
[Date "2017.04.24"]
[Round "5.2"]
[White "Ðèÿíîâà, Ðàëèíà."]
[Black "Ìóòèíà, Ñîôèÿ."]
[Result "0-1"]
[WhiteElo "1165"]
[BlackElo "1255"]
[PlyCount "76"]
[EventDate "2017.04.20"]

1. e4 c6 2. d4 d5 3. exd5 cxd5 4. Bd3 Nf6 5. h3 e6 6. Nf3 Bd6 7. Be3 O-O 8. O-O
Nc6 9. Nc3 Nb4 10. Bb5 a6 11. Be2 b5 12. a4 bxa4 13. Nxa4 Bb7 14. Nc3 Qc7 15.
Qd2 Ne4 16. Nxe4 dxe4 17. Ne1 f5 18. f3 f4 19. Bxf4 Rxf4 20. fxe4 Rxf1+ 21.
Bxf1 Bxe4 22. Be2 Rd8 23. c3 Nc6 24. Bxa6 e5 25. Qe3 Bd5 26. dxe5 Nxe5 27. Nc2
Bc5 28. Nd4 Re8 29. Kh1 Qd7 30. Re1 Bf7 31. Bb5 Nc6 32. Qf2 Rxe1+ 33. Qxe1 Bd5
34. Qg3 Bd6 35. Qe3 Qc8 36. c4 Nxd4 37. Qxd4 Qxh3+ 38. Kg1 Qxg2# 0-1

[Event "Ä11Ï"]
[Site "Loo"]
[Date "2017.04.24"]
[Round "5.3"]
[White "Çàâèâàåâà, Ýâåëèíà."]
[Black "Öàð¸âà, Àëåêñàíäðà."]
[Result "1-0"]
[WhiteElo "1326"]
[BlackElo "1212"]
[PlyCount "81"]
[EventDate "2017.04.20"]

1. d4 Nf6 2. c4 g6 3. g3 Bg7 4. Bg2 O-O 5. Nf3 d6 6. O-O Bg4 7. Nbd2 c6 8. h3
Bxf3 9. Nxf3 Na6 10. Bf4 Nh5 11. Bd2 Re8 12. g4 Nf6 13. Bf4 Nc7 14. Qc2 Nd7 15.
Bg3 e5 16. e3 Qe7 17. Rad1 d5 18. cxd5 Nxd5 19. dxe5 Nxe5 20. Nxe5 Bxe5 21.
Bxd5 cxd5 22. Qd2 Bxg3 23. fxg3 Qxe3+ 24. Qxe3 Rxe3 25. Rxd5 Rxg3+ 26. Kh2 Re3
27. Rd7 Re2+ 28. Kg3 Rxb2 29. Rfxf7 Rxa2 30. Rg7+ Kf8 31. Rxh7 Kg8 32. Rhg7+
Kf8 33. Rxg6 Ra3+ 34. Kh4 Rb3 35. g5 a5 36. Rf6+ Ke8 37. Rh7 Ra7 38. g6 Rb1 39.
g7 Rb4+ 40. Kg5 Rb5+ 41. Kg6 1-0

[Event "Ä11Ï"]
[Site "Loo"]
[Date "2017.04.24"]
[Round "5.5"]
[White "Çèìîâà, Åêàòåðèíà."]
[Black "Êóëèø, Ãëàôèðà."]
[Result "1/2-1/2"]
[WhiteElo "1376"]
[BlackElo "1195"]
[PlyCount "86"]
[EventDate "2017.04.20"]

1. e4 c5 2. Qe2 Nc6 3. Nf3 d6 4. Nc3 Nf6 5. d3 g6 6. g3 Bg7 7. Bg2 O-O 8. O-O
Be6 9. Be3 Qb6 10. Rab1 Ng4 11. Nd5 Bxd5 12. exd5 Nxe3 13. Qxe3 Nb4 14. Qxe7
Nxd5 15. Qe4 Nb4 16. Qc4 d5 17. Qb3 a5 18. a4 Qc6 19. c4 dxc4 20. dxc4 Qc7 21.
Rfe1 Rfe8 22. Rbd1 Rad8 23. Ng5 b6 24. Bd5 Rxe1+ 25. Rxe1 Nxd5 26. cxd5 Qb7 27.
Rd1 Bd4 28. Nf3 Qxd5 29. Qxd5 Rxd5 30. Nxd4 Rxd4 31. Rxd4 cxd4 32. Kg2 Kg7 33.
Kf3 Kf6 34. Ke4 Ke6 35. Kxd4 Kd6 36. f4 f6 37. g4 f5 38. g5 Ke6 39. Kc4 Kd6 40.
h4 Kc6 41. b4 axb4 42. Kxb4 Kc7 43. Kc4 Kc6 1/2-1/2

[Event "Ä11Ï"]
[Site "Loo"]
[Date "2017.04.24"]
[Round "5.6"]
[White "Êèðäÿøêèíà, Åêàòåðèíà."]
[Black "Ìàòâååâà, Êñåíèÿ."]
[Result "1/2-1/2"]
[WhiteElo "1198"]
[BlackElo "1292"]
[PlyCount "86"]
[EventDate "2017.04.20"]

1. e4 c6 2. d4 d5 3. exd5 cxd5 4. c4 Nf6 5. Nc3 g6 6. Nf3 Bg7 7. Be2 Nc6 8. h3
O-O 9. O-O Bf5 10. a3 Ne4 11. Be3 a6 12. Nxd5 Rc8 13. Qb3 Nd6 14. Nb6 Rb8 15.
c5 Nc8 16. Bf4 Nxb6 17. Bxb8 Qxb8 18. Qxb6 Nxd4 19. Nxd4 Bxd4 20. Bf3 Bxh3 21.
Qxb7 Qxb7 22. Bxb7 Bc8 23. Bxc8 Rxc8 24. Rab1 Rxc5 25. Rfd1 Bf6 26. Rd3 h5 27.
b4 Rc6 28. a4 Rb6 29. b5 axb5 30. axb5 Kh7 31. Ra3 Be5 32. Ra6 Rb7 33. b6 Bd4
34. Kf1 Kg7 35. Ra4 Rxb6 36. Rxb6 Bxb6 37. Ra6 Bc5 38. Ke2 f6 39. f4 Bd6 40.
Kf3 g5 41. fxg5 fxg5 42. g4 h4 43. Kg2 Kf6 1/2-1/2

[Event "Ä11Ï"]
[Site "Loo"]
[Date "2017.04.24"]
[Round "5.7"]
[White "Íàãàåâà, Àëèÿ."]
[Black "Åôèìîâà, Äàðüÿ."]
[Result "0-1"]
[WhiteElo "1269"]
[BlackElo "1199"]
[PlyCount "72"]
[EventDate "2017.04.20"]

1. f4 b6 2. Nf3 Bb7 3. b3 Nc6 4. Bb2 e6 5. e3 Nf6 6. Bb5 Qe7 7. Ba3 Qd8 8. Bxf8
Rxf8 9. a4 Qe7 10. Bxc6 dxc6 11. Nc3 O-O-O 12. Rb1 Nd5 13. Nxd5 exd5 14. Kf2 f6
15. f5 g6 16. g4 gxf5 17. gxf5 Qe4 18. b4 Qxf5 19. b5 c5 20. Ra1 d4 21. exd4
Rxd4 22. Ra3 Rfd8 23. Ke1 Qe4+ 24. Kf2 Qf4 25. Ke1 Re8+ 26. Kf1 Red8 27. Ke1
Re4+ 28. Kf2 Rde8 29. Rf1 R4e6 30. Kg1 Qg4+ 31. Kf2 Qf4 32. Kg1 Re2 33. Rf2
Qg4+ 34. Kf1 Qh3+ 35. Kg1 Rg8+ 36. Kh1 Rxf2 0-1